• 首页
  • 本馆介绍
  • 公告通知
  • 最新文献
  • 馆藏检索
  • 电子资源
  • 读者导购
  • 参考咨询
  • 我的图书馆
  • 登录
  • 详细信息显示
  • 放入我的书架
  • 预约/预借图书
  • 作者相关作品
  • 分类相关作品
  • 丛书相关作品
  • 出版社相关作品

书目信息

  • 表格格式
  • 工作单格式
  • 卡片格式
题名:
尴尬人生
    
 
作者: 李影 , 金剑 编著
分册:  
出版信息: 北京   中国大地出版社  1993
页数: 331页
开本: 19cm
丛书名:
单 册:
中图分类: I25 , K827.7
科图分类:
主题词: 文化大革命--人物--生平--中国--现代 , 报告文学--中国--现代
电子资源:
ISBN: 7-80097-050-7
000 00711nam0 2200253 45
001 TLS9401123
005 20061109140627.29
009 TLS9401123
010    @a7-80097-050-7@dCNY7.20
100    @a19940408d1993 em y0chiy0120 ea
101 0  @achi
102    @aCN@b110000
105    @ay z 000zc
200 1  @a尴尬人生@AGan Ga Ren Sheng@f李影, 金剑编著@FLi Ying , Jin Jian Bian Zhu
210    @a北京@c中国大地出版社@d1993
215    @a331页@d19cm
606    @a文化大革命--人物@x生平@y中国@z现代
606    @a报告文学@y中国@z现代
690    @aI25@v3
690    @aK827.7@v3
701  0 @a李影@ALi Ying@4编著
701  0 @a金剑@AJin Jian@4编著
801  0 @aCN@bTSSF@c20061109
905    @a10447@dI25@e387
    
    尴尬人生/李影, 金剑编著.-北京:中国大地出版社,1993
    331页;19cm
    
    
    ISBN 7-80097-050-7:CNY7.20
    
●
相关链接 在E读中查询图书 在五车中查询图书 在当当中查询图书 在豆瓣中查询图书


正题名:尴尬人生     索取号:I25/387         预约/预借

序号 登录号 条形码 馆藏地/架位号 状态 备注
1 0275034   001467898   第一样本阅览室/ [索取号:I25/387] 在馆    
唐山师范学院图书馆 欢迎您!
大连网信软件有限公司© 版权所有